| 000 | 00641nam a2200205 a 4500 | ||
|---|---|---|---|
| 005 | 20220915064113.0 | ||
| 008 | 030514s2006 mx r 000 0 spa d | ||
| 020 | _a8426354963 | ||
| 035 | _aUPN01000124159 | ||
| 049 | _aI | ||
| 050 | 4 |
_aPZ74.1 _bD5.3 |
|
| 100 | 1 | _aDíez de Palma, Jesús | |
| 245 | 1 | 3 |
_aLa casa del indiano / _cJesús Díez de Palma ; il. de Tino Gatagán. |
| 260 |
_aZaragoza, Esp. : _bEdelvives, _c2006. |
||
| 300 |
_a159 p. : _bil. |
||
| 440 | 0 |
_aAla delta ; _pVerde _v39 |
|
| 650 | 4 |
_aCUENTOS DE TERROR - _vLITERATURA JUVENIL _96755 |
|
| 650 | 0 |
_aHistorias de fantasmas _vLiteratura juvenil _94344 |
|
| 905 | _aInfantil | ||
| 999 |
_c96338 _d96338 |
||